| 000 | 01515nas a2200337 i 4500 | ||
|---|---|---|---|
| 001 | 1572 | ||
| 003 | ES-MaACL | ||
| 005 | 20250731034200.0 | ||
| 008 | 950801d1946 sp mryp 0 |spa d | ||
| 022 | _a2481-0703 | ||
| 080 | _a32 | ||
| 245 | 0 | 0 |
_aObra _b: revista internacional. |
| 260 |
_aMadrid : _bGráf. Valera, _c1946- |
||
| 300 |
_a4 v. : _bil. ; _c22 cm. |
||
| 310 | _aMensual | ||
| 362 | 0 | _aN. 1 (mayo 1946)- | |
| 505 | 8 | _aCada número contiene, con paginación independiente, una novela. N. 1: Fugitivos / Tatiana Tschernawin; traducción directa del ruso por G.D. (143 p.) - N. 2: Yo, secretario de Stalin / Boris Bajanow (91 p.) - N. 3: El hombre que luchó contra el infierno / Sergio Kostineff (80 p.) - N. 4: Un ruso vuelve a su patria / Boris Wartanoff (160 p.) | |
| 505 | 8 | _aEn el n. 1: Cánovas, desde el viejo Ateneo, ve los cosacos saltando sobre Europa / artículo de Eugenio Montes, p. 19-27 | |
| 610 | 2 | 4 |
_aAteneo de Madrid- _vHistoria- _vRelatos personales _91926 |
| 650 | 7 |
_aPolítica _2embne _9140345 |
|
| 700 | 1 |
_aTschernawin, Tatiana. _9161764 |
|
| 700 | 1 |
_aBajanow, Boris. _9162091 |
|
| 700 | 1 |
_aKostineff, Sergio. _968645 |
|
| 700 | 1 |
_aWartanoff, Boris. _9162092 |
|
| 700 | 1 |
_aMontes, Eugenio, _d1897-1982 _9227206 |
|
| 740 | 0 | 2 | _aCánovas, desde el viejo Ateneo, ve los cosacos saltando sobre Europa. |
| 852 |
_aES-MaACL _jHem-185 |
||
| 852 |
_aES-MaACL _jF-3049 _z(N. 1) |
||
| 866 | 0 | _o1946: n. 1 (mayo), n. 2 (jun.), n. 3 (ag.), n. 4 (sept.) | |
| 999 |
_c1572 _d1572 |
||